| 000 | 00817nam a22001337a 4500 | ||
|---|---|---|---|
| 040 | _cRUA | ||
| 082 | _aLMA OEN 2024 B640 Or.1 | ||
| 100 | _aOENG EAVHONG, អ៊ឹង អៀវហុង | ||
| 245 | _aA Study on Possibility for climate-resilient urban planning in chbar morn municipality, kompong speu Province, សិក្សាអំពីលទ្ធភាពនៃការរៀបចំទីក្រុង ដើម្បីឳ្យមានភាពធន់នឹងការប្រែប្រួលអាកាសធាតុក្នុងក្រុងច្បារមន ខេត្តកំពង់ស្ពឺ | ||
| 260 |
_aPHNOM PENH _bRUA _c2024 |
||
| 300 |
_aix, _bill, _c29cm, |
||
| 856 | _uhttps://drive.google.com/file/d/19BCUu_rZ7rKmS64dJHEC5W8xpJ-wlvxo/view?usp=sharing | ||
| 942 | _cLMA | ||
| 999 |
_c25169 _d25169 |
||